|
|
|
|
| LEADER |
00000cam a2200000 i 4500 |
| 001 |
1/81118 |
| 008 |
050714q20012004 gre d |
| 035 |
|
|
|l 10079191
|
| 040 |
|
|
|a GR-MY-UA
|b gre
|e aacr
|
| 041 |
0 |
|
|a gre
|
| 082 |
7 |
|
|a 909
|2 (22)
|
| 245 |
1 |
3 |
|a Το Βήμα / ιστορία
|
| 260 |
|
|
|a [Αθήνα] :
|b [χ.ό.],
|c [200-;]
|
| 300 |
|
|
|a 6 τ. ;
|c 29 εκ.
|
| 505 |
8 |
|
|a Τ.1. Πρόσωπα που άλλαξαν την πορεία του κόσμου -- τ. 2. Οι πρωταγωνιστές του 20ου αιώνα: το λεξικό των ονομάτων που άλλαξαν τον κόσμο -- τ. 3. 50 + 1 λόγοι που άλλαξαν τον κόσμο: ομιλίες σταθμοί στην πορεία των ιστορικών γεγονότων -- τ. 4. Οι μάχες του Ελληνισμού: νίκες και ήττες που έγραψαν την ελληνική ιστορία -- τ. 5. Οι μεγάλες συνθήκες: συμφωνίες, συνέδρια και σύνοδοι που άλλαξαν τη μορφή του κόσμου -- τ. 6. Οι πολιτικοί: η δράση και η σκέψη ανδρών και γυναικών που άλλαξαν τον κόσμο.
|
| 650 |
0 |
0 |
|a Politicians
|x Biography.
|
| 650 |
0 |
0 |
|a Persons.
|
| 650 |
0 |
0 |
|a World history
|v Guidebooks.
|
| 650 |
0 |
0 |
|a World politics
|y 20th century.
|
| 650 |
0 |
0 |
|a Treaties
|y 20th century.
|
| 651 |
|
0 |
|a Greece
|x History.
|
| 740 |
3 |
|
|a Οι μάχες του Ελληνισμού.
|
| 740 |
3 |
|
|a Οι μεγάλες συνθήκες.
|
| 740 |
0 |
|
|a 50 + 1 λόγοι που άλλαξαν τον κόσμο.
|
| 740 |
0 |
|
|a Πρόσωπα που άλλαξαν την πορεία του κόσμου.
|
| 740 |
3 |
|
|a Οι πολιτικοί.
|
| 740 |
3 |
|
|a Οι πρωταγωνιστές του 20ου αιώνα.
|
| 852 |
|
|
|a INST
|b RHODES
|c KRI
|e 20050714
|h 909 ΒΗΜ
|p 005400022948
|q 005400022948
|t REF
|v τ.6:
|y 23
|z τ.6
|
| 852 |
|
|
|a INST
|b RHODES
|c KRI
|e 20070213
|h 909 ΒΗΜ
|p 005400026959
|q 005400026959
|t REF
|v τ.4:
|y 23
|z τ.4
|
| 852 |
|
|
|a INST
|b RHODES
|c KRI
|e 20070213
|h 909 ΒΗΜ
|p 005400026960
|q 005400026960
|t REF
|v τ.5:
|y 23
|z τ.5
|
| 852 |
|
|
|a INST
|b RHODES
|c KRI
|e 20070213
|h 909 ΒΗΜ
|p 005400026961
|q 005400026961
|t REF
|v τ.3:
|y 23
|z τ.3
|
| 852 |
|
|
|a INST
|b RHODES
|c KRI
|e 20070213
|h 909 ΒΗΜ
|p 005400026962
|q 005400026962
|t REF
|v τ.1:
|y 23
|z τ.1
|
| 852 |
|
|
|a INST
|b RHODES
|c KRI
|e 20070213
|h 909 ΒΗΜ
|p 005400026963
|q 005400026963
|t REF
|v τ.2:
|y 23
|z τ.2
|
| 853 |
|
|
|a INST
|b RHODES
|c KRI
|h 909 ΒΗΜ
|
| 901 |
|
|
|a BIBL4-2005-2
|
| 970 |
|
|
|a ΚΟΖΑ
|b ΜΑΡΙΑ
|z 2005/07/14
|